000 00910nam a22002417a 4500
001 76261
003 BD-RjUL
005 20211209082821.0
008 191118s2009 bg ||||| b||| 001 0 ben d
020 _a9847015601386 (V-1)
020 _a9847015602147 (V-2)
035 _a(BD-RjUL)76482
040 _aBD-RjUL
_beng
_cBD-RjUL
041 _aeng
082 _223
_a307.772095492
_bADI
245 _aআদিবাসী সংস্কৃতি /
_cমুস্তাফা মজিদ সম্পাদিত
260 _aঢাকা :
_bমাওলা ব্রাদার্স,
_c২০০৯-২০১১
300 _a২ খন্ড ;
_c২২ সেমি.
504 _aবিবলিওগ্রাফি ও ইনডেক্স সম্বলিত।
650 _aTribal culture
_zBangladesh
_9235035
700 _aমজিদ, মুস্তাফা
_9235038
942 _2ddc
_cBK
999 _c76261
_d76261